00794nam a2200205 a 450000100100000000500170001000800410002702000150006804000250008310000230010824500780013126000490020930000420025850000290030050000750032950000320040450400300043695201050046699900170057100004304720201002040610.0140218s1996 xxuabc 001 0 spa d a0198204973 aDO-SdBNPbspacBNPHU1 aBond, Brian97057110aThe pursuit of victory. :bfrom Napoleon to Saddam Hussein /cBrian Bond. aNew York, :bOxford University Press,c1996. a240 p. :bil., mapa, retrs. ;c25 cm. aIncluye notas p: 205-225 aIncluye datos biografícos del autor en la solapa de la contraportada aIncluye índice p: 231-240 aBibliografía p: 227-230 001050718MOaGRbGRcCTd2014-02-18iLF1l0o p43047-10r2020-06-25w2020-06-25y1ZNo se presta c42536d42536